E-banking and development of banks (Record no. 6236)

MARC details
000 -LEADER
fixed length control field 00814 a2200205 4500
005 - DATE AND TIME OF LATEST TRANSACTION
control field 20080826143935.0
008 - FIXED-LENGTH DATA ELEMENTS--GENERAL INFORMATION
fixed length control field 080826t xxu||||| |||| 00| 0 eng d
010 ## - LIBRARY OF CONGRESS CONTROL NUMBER
LC control number ENG-87201
020 ## - INTERNATIONAL STANDARD BOOK NUMBER
International Standard Book Number 978818450042
Terms of availability 1150.00
035 ## - SYSTEM CONTROL NUMBER
System control number EN-70734
037 ## - SOURCE OF ACQUISITION
Source of stock number/acquisition DBAD / PUB
082 ## - DEWEY DECIMAL CLASSIFICATION NUMBER
Classification number 332.10285
245 ## - TITLE STATEMENT
Title E-banking and development of banks
Statement of responsibility, etc edited by S.B. Verma, S.K. Gupta and M.K. Sharma
260 ## - PUBLICATION, DISTRIBUTION, ETC. (IMPRINT)
Place of publication, distribution, etc New Delhi
Name of publisher, distributor, etc Deep & Deep Publications
Date of publication, distribution, etc c2007
270 ## - ADDRESS
Address F-159, Rajouri Garden
City New Delhi
Postal code 110 027
300 ## - PHYSICAL DESCRIPTION
Extent xii, 391 p.
Dimensions 21 cm ( Hb.)
500 ## - GENERAL NOTE
General note includes index
942 ## - ADDED ENTRY ELEMENTS (KOHA)
Institution code [OBSOLETE] dpl
Koha item type English Books
Call number prefix 332.10285 / EBA
Source of classification or shelving scheme Dewey Decimal Classification
Classification part 332.10285
Call number suffix EBA
Holdings
Withdrawn status Lost status Damaged status Not for loan Home library Current library Date acquired Cost, normal purchase price Total Checkouts Full call number Barcode Date last seen Copy number Uniform Resource Identifier Cost, replacement price Price effective from Koha item type
        D.B.Act.Division D.B.Act.Division 26/08/2008 1150.00   332.10285 EBA EN-70734 15/09/2008 1 6713 1150.00 15/09/2008 English Books

© Delhi Public Library
Hit Counter
free hit counter